<?xml version="1.0" encoding="UTF-8"?>
<collection xmlns:xsi="http://www.w3.org/2001/XMLSchema-instance" xsi:schemaLocation="http://www.loc.gov/MARC21/slim http://www.loc.gov/standards/marcxml/schema/MARC21slim.xsd" xmlns="http://www.loc.gov/MARC21/slim">
 <record>
  <leader>00000cam a22000004i 4500</leader>
  <controlfield tag="001">UP-1685594773862036130</controlfield>
  <controlfield tag="003">Buklod</controlfield>
  <controlfield tag="005">20240322060440.0</controlfield>
  <controlfield tag="006">g||| |     ||   ||</controlfield>
  <controlfield tag="007">ta</controlfield>
  <controlfield tag="008">240322s1996    nyua    rb   |||1 u|eng d</controlfield>
  <datafield tag="020" ind1=" " ind2=" ">
   <subfield code="a">0312146027 (pbk.)</subfield>
  </datafield>
  <datafield tag="035" ind1=" " ind2=" ">
   <subfield code="a">(iLib)UPBAG-00021736702</subfield>
  </datafield>
  <datafield tag="040" ind1=" " ind2=" ">
   <subfield code="a">DLC</subfield>
   <subfield code="d">BAG</subfield>
   <subfield code="e">rda</subfield>
  </datafield>
  <datafield tag="041" ind1="0" ind2=" ">
   <subfield code="a">eng</subfield>
  </datafield>
  <datafield tag="090" ind1=" " ind2="0">
   <subfield code="a">PN 56 K64</subfield>
   <subfield code="b">S53 1996</subfield>
  </datafield>
  <datafield tag="100" ind1="1" ind2=" ">
   <subfield code="a">Shattuck, Roger</subfield>
   <subfield code="d">1923-2005</subfield>
   <subfield code="e">author.</subfield>
  </datafield>
  <datafield tag="245" ind1="1" ind2="0">
   <subfield code="a">Forbidden knowledge</subfield>
   <subfield code="b">from Prometheus to pornography</subfield>
   <subfield code="c">Roger Shattuck.</subfield>
  </datafield>
  <datafield tag="264" ind1=" " ind2="1">
   <subfield code="a">New York, N.Y.</subfield>
   <subfield code="b">St. Martin's Press</subfield>
   <subfield code="c">1996.</subfield>
  </datafield>
  <datafield tag="300" ind1=" " ind2=" ">
   <subfield code="a">xiii, 369 pages</subfield>
   <subfield code="b">illustrations</subfield>
   <subfield code="c">24 cm</subfield>
  </datafield>
  <datafield tag="336" ind1=" " ind2=" ">
   <subfield code="a">text</subfield>
   <subfield code="2">rdacontent</subfield>
  </datafield>
  <datafield tag="337" ind1=" " ind2=" ">
   <subfield code="a">unmediated</subfield>
   <subfield code="2">rdamedia</subfield>
  </datafield>
  <datafield tag="338" ind1=" " ind2=" ">
   <subfield code="a">volume</subfield>
   <subfield code="2">rdacarrier</subfield>
  </datafield>
  <datafield tag="504" ind1=" " ind2=" ">
   <subfield code="a">Includes bibliographical references (pages [349]-358)  and index.</subfield>
  </datafield>
  <datafield tag="505" ind1="0" ind2=" ">
   <subfield code="a">Part one. Literary narratives -- Chapter I: The far side of curiosity -- Presumption: prometheus and after -- From taboo to science -- Skepticism, Agnosticism, Ignorabimus -- &quot;Lust of the soul&quot; -- Chapter II: Milton in the garden of Eden -- Resistance to Adam and Eve -- Milton's version -- &quot;Of knowledge within bounds...&quot; -- The downward path to wisdom -- Chapter III: Faust and Frankenstein -- The Faust myth -- Two conflicting versions -- Scenes from Faust -- Scenes from Frankenstein -- Related stories -- Faustian man: the principle of excess -- Chapter IV: The pleasures of abstinence: mme de lafayettee and Emily Dickinson -- Asceticism in La Princesse de Cleves -- Aestheticism in Emily Dickinson -- An epicurean at &quot;The Banquet of Abstemiousness&quot; -- Chapter V: Guilt, justice and empathy in Melville and Camus -- Billy Budd: realist allegory -- The stranger: an inside narrative -- Comparing two specimens -- Understanding, blaming, forgiving pardoning -- Knowledge as interference -- Forbiddenn knowledge and open knowledge -- The consequences of open knowledge -- Part two. Case histories -- Chapter VI: Knowledge exploding science and technology -- The bomb and the genome -- The siren song: pure and applied science -- Limits on scientific inquiry: five cases -- The condition of ambivalence -- Chapter VII: The divine marquis -- The sade case -- Rehabilitating a prophet -- The moors murders case -- Ted Bundy's sermon -- A closer walk with sade -- &quot;Must we burn sade?&quot; -- Truth in labeling -- Chapter VIII: The sphinx and the unicorn -- What we ought not to know: the institutions of science and art -- The veil of ignorance and the flame of experience -- Last tales.</subfield>
  </datafield>
  <datafield tag="520" ind1=" " ind2=" ">
   <subfield code="a">Forbidden Knowledge boldly traces the tragic arc of Western literature and culture as it explores the notion of &quot;forbidden knowledge,&quot; from the sexual innocence of Adam and Eve to the awe-inspiring discoveries of modern scientists who have created the atomic bomb and recombinant DNA. The result is a dire portrait of human presumption and of a culture that has abandoned all limits in the quest for knowledge and experience. The harrowing imagery that Shattuck presents is matched only by his faith that we can understand our grievous loss of innocence by reexamining our greatest myths and stories of the last two thousand years. In lively, lucid prose Shattuck explores our uncertain fate through such myths as that of Prometheus and a wide range of literary works, including Milton's Paradise Lost, the writings of the Marquis de Sade, Mary Shelley's Frankenstein, Melville's Billy Budd, and the poetry of Emily Dickinson. Parents and teachers should be aware that Chapter VII does not make appropriate reading for children and minors. In this seminal work, Shattuck breaks new ground in opening up a crucial subject never before accorded this full-scale treatment. Forbidden Knowledge impels us to a renewed effort to think judiciously about morality and the sacred during a decade of radical skepticism. Forbidden Knowledge represents the capstone of Roger Shattuck's career as one of America's most original and gifted thinkers.</subfield>
  </datafield>
  <datafield tag="650" ind1=" " ind2="0">
   <subfield code="a">Knowledge, Theory of, in literature.</subfield>
  </datafield>
  <datafield tag="650" ind1=" " ind2="0">
   <subfield code="a">Sex in literature.</subfield>
  </datafield>
  <datafield tag="650" ind1=" " ind2="0">
   <subfield code="a">Literature and morals.</subfield>
  </datafield>
  <datafield tag="905" ind1=" " ind2=" ">
   <subfield code="a">FO</subfield>
  </datafield>
  <datafield tag="852" ind1="0" ind2=" ">
   <subfield code="a">UPBAG</subfield>
   <subfield code="b">UPBAG-MAIN</subfield>
   <subfield code="h">PN 56 K64 S53 1996</subfield>
  </datafield>
  <datafield tag="942" ind1=" " ind2=" ">
   <subfield code="a">Book</subfield>
  </datafield>
 </record>
</collection>
